Текст томруулах:    
Managerial accounting (Бичлэгийн дугаар. 145723)
000 -УДИРДЛАГА
Удирдлага 01440nam a22004217a 4500
003 - ХЯНАЛТЫН ТОО ТОДОРХОЙЛОГЧ
Код MN-UlNUM
005 - БИЧИЛТ ХИЙСЭН ОГНОО
Тухайн бичилтийг бичсэн засварласан сүүлийн огноо 20251124155338.0
008 - ЕРӨНХИЙ МЭДЭЭЛЭЛ
Ерөнхий мэдээлэл 251106s2007 maua 001 0 eng
020 ## - ISBN
ISBN 9780073403984
-- 0073403989
040 ## - БИЧЛЭГ ҮҮСГЭГЧ БАЙГУУЛЛАГА
Бичлэг үүсгэгч номын сангийн код МУИС-ийн номын сан
084 ## - ББК АНГИЛАЛ
Нэмэлт тусгалт Нэг сэдэвт бүтээл
ББК ангилал 65.052
Зохиогчийн гурван тэмдэгт W 68
Мэдлэгийн ялгаа 65 - Эдийн засаг
100 1# - ЗОХИОГЧ
Зохиогчийн нэр Wild, John J.
245 10 - ҮНДСЭН ГАРЧИГ
Номын нэр Managerial accounting
Оролцогчдын тухай мэдээ John J. Wild.
246 1# - ЗЭРЭГЦЭЭ ГАРЧИГ
Зэрэгцээ гарчиг 2007 edition
250 ## - ДАХИН ХЭВЛЭЛТ
Дахин гаралтын дугаар 1st ed.
260 ## - ГАРАЛТЫН МЭДЭЭ
Хэвлэгдсэн газар Boston, Mass.
Хэвлэлийн газар McGraw-Hill Irwin
Хэвлэгдсэн он 2007
300 ## - МАТЕРИАЛЫН ТОДОРХОЙЛОЛТ
хуудасны тоо 1 v. (various pagings) :
Бусад тоон мэдээлэл col. ill.
Хэмжээ 28 cm
500 ## - Тайлбар
Дансны дугаар БС 5900
546 ## - ХЭЛНИЙ ТУХАЙ МЭДЭЭ
Хэл Англи хэл дээр,
653 ## - Түлхүүр үг
Түлхүүр үг accounting
653 ## - Түлхүүр үг
Түлхүүр үг managerial accounting
740 ## - НОМЫН ГАРЧИГ
Гарчиг Managerial Accounting Concepts and Principles
740 ## - НОМЫН ГАРЧИГ
Гарчиг Job Order Costing and Analysis
740 ## - НОМЫН ГАРЧИГ
Гарчиг Process Costing and Analysis
740 ## - НОМЫН ГАРЧИГ
Гарчиг Activity-Based Costing and Analysis
740 ## - НОМЫН ГАРЧИГ
Гарчиг Cost Behavior and Cost-Volume-Profit Analysis
740 ## - НОМЫН ГАРЧИГ
Гарчиг Variable Costing and Performance Reporting
740 ## - НОМЫН ГАРЧИГ
Гарчиг Master Budgets and Performance Planning
740 ## - НОМЫН ГАРЧИГ
Гарчиг Flexible Budgets and Standard Costing
740 ## - НОМЫН ГАРЧИГ
Гарчиг Decentralization and Performance Evaluation
740 ## - НОМЫН ГАРЧИГ
Гарчиг Relevant Costing for Managerial Decisions
740 ## - НОМЫН ГАРЧИГ
Гарчиг Capital Budgeting and Investment Analysis
740 ## - НОМЫН ГАРЧИГ
Гарчиг Reporting and Analyzing Cash Flows
740 ## - НОМЫН ГАРЧИГ
Гарчиг Analyzing and Interpreting Financial Statements
942 ## - ЭЛЕМЕНТИЙН ТӨРӨЛ
Зүйлийн төрөл Ном